000
00299nam a22001337a 4500
008
170728b xxu||||| |||| 00| 0 eng d
020
_a
0471026115
041
_a
eng
080
_a
004
100
_a
31
101
_a
SHK
245
_a
ADVANCED PROGRAMMING TECHNIQUES
_c
HUGHES,CH.E
942
_2
udc
_c
BK
999
_c
22090
_d
22090